LEADER 00852nam a2200193 i 4500 001 000000235343 003 CaOOAMICUS 005 20141104000000.0 008 141104s1761 it u000 u lat u 013 $a214246 026 $aI.s, e,S. a-e- todo (3) 1761 (R) 040 $aSeMil$bita 245 10$aTomus 4. 300 $aXXXII, 304, [16] p. 500 $aFregio xilogr. sul front. - Segn. : a-b8 A-U4. 773 0 $aBerti, Giovanni Lorenzo <1696-1766>$tJoannis Laurentii Berti ... Historia ecclesiastica sive dissertationes historicae. Tomus 1. [-4.] in quo illustriores epochae exponuntur ..$bEditio in Germania prima.$dAugustae Vindelicorum : Sumptibus Matthaei Rieger, 1761.$g4$w()30875 850 $aSeMil 852 $aSeMil$W1$xVenegono$y1$m3C I 74 FA$j185689$B185689$CSeMilBibl$Z2$F196587 $8I 996 $6245$aTomus 4$9(OLS)http://semarc/title/151236 LEADER 01113nam a2200265 i 4500 001 000000080658 003 CaOOAMICUS 005 20170609000000.0 008 170609s2003 xx u000 u eng u 013 $a52896 020 $a1-85390-684-0 040 $aSeMil$bita 100 1 $aWalsh, John R.$0(OLS)http://semarc/name/91478 245 10$aReligion :$bthe Irish experience /$cJ. R. Walsh. 260 $aDublin :$bVeritas,$c2003. 300 $a122 p. ;$c21 cm. 490 0 $aInto the classroom : religious education in the leaving certificate 650 4$aIrlanda - Storia religiosa.$0(OLS)http://semarc/subject/13096 830 0$aInto the classroom : religious education in the leaving certificate.$0(OLS)http://semarc/title/404068 850 $aSeMil 852 $aSeMil$W1$xVenegono$y1$m2R III 429$j46080$B46080$CSeMilBibl$Z2$F48255 $81 961 $aLascito: Coronelli don Renato 996 $6020$a1-85390-684-0$9(OLS)http://semarc/number/270824 996 $6245$aReligion :$bthe Irish experience$9(OLS)http://semarc/title/404067 996 $6260$aDublin :$bVeritas$9(OLS)http://semarc/publisher/31737